000 00465nam a2200181Ia 4500
001 25062
005 20260414151125.0
008 260414t2020||||xx |||||||||||||| ||spa||
041 _aESP
082 _a346.13
_bL98
100 _aLuna Escalante, Esbén
_eAUT
245 0 _aTemas claves en la casuística registral :
_bnuevas perspectivas
260 _c2020
300 _a511 páginas :
_c25 cm.
650 _aDER
654 _aCDE
942 _cLIB
_dJUS
_fJUS
_2ddc
_n
999 _c25062
_d25062